[Event "Paracin Orbis FM 02"]
[Site "Paracin"]
[Date "2022.02.01"]
[Round "3"]
[White "Harisurya, Bharadwaj Gundepudi"]
[Black "Dezelin, Milan"]
[Result "1/2-1/2"]
[WhiteElo "1882"]
[BlackElo "1915"]
[PlyCount "28"]
[EventDate "2022.01.31"]
[EventType "tourn"]
[EventRounds "9"]
[EventCountry "SRB"]
[SourceTitle "EXT 2023"]
[Source "ChessBase"]
[SourceDate "2022.10.05"]
[SourceVersion "1"]
[SourceVersionDate "2022.10.05"]
[SourceQuality "1"]

1. d4 Nf6 2. Nf3 e6 3. Bf4 b6 4. Nbd2 Bb7 5. e3 d6 6. h3 Nbd7 7. Be2 Be7 8. 0-0 0-0 9. a4 a5 10. c3 Ne4 11. Nxe4 Bxe4 12. Nd2 Bb7 13. e4 e5 14. Be3 Bg5 1/2-1/2

[Event "Paracin Orbis FM"]
[Site "Paracin"]
[Date "2021.02.11"]
[Round "9"]
[White "Vetokhina, Sofia"]
[Black "Dezelin, Milan"]
[Result "1/2-1/2"]
[WhiteElo "1839"]
[BlackElo "1978"]
[PlyCount "33"]
[EventDate "2021.02.05"]
[EventType "tourn"]
[EventRounds "9"]
[EventCountry "SRB"]
[SourceTitle "EXT 2022"]
[Source "ChessBase"]
[SourceDate "2021.10.06"]
[SourceVersion "1"]
[SourceVersionDate "2021.10.06"]
[SourceQuality "1"]

1. d4 Nf6 2. c4 e6 3. Nf3 Bb4+ 4. Bd2 c5 5. Bxb4 cxb4 6. e3 0-0 7. Bd3 d6 8. Nbd2 Nc6 9. 0-0 Re8 10. Ne4 e5 11. dxe5 dxe5 12. Qc2 h6 13. Rad1 Nxe4 14. Bxe4 Qe7 15. h3 Be6 16. Bxc6 bxc6 17. Qe4 1/2-1/2

[Event "Paracin Orbis FM"]
[Site "Paracin"]
[Date "2021.02.07"]
[Round "4"]
[White "Dezelin, Milan"]
[Black "Dimitrijevic, Dusan"]
[Result "1/2-1/2"]
[WhiteElo "1978"]
[BlackElo "2130"]
[PlyCount "36"]
[EventDate "2021.02.05"]
[EventType "tourn"]
[EventRounds "9"]
[EventCountry "SRB"]
[SourceTitle "EXT 2022"]
[Source "ChessBase"]
[SourceDate "2021.10.06"]
[SourceVersion "1"]
[SourceVersionDate "2021.10.06"]
[SourceQuality "1"]

1. d4 e6 2. Nf3 c5 3. e3 Nf6 4. Bd3 b6 5. 0-0 Bb7 6. Nbd2 Nc6 7. b3 Nb4 8. Be2 cxd4 9. Nxd4 Be7 10. Bb2 0-0 11. a3 Nc6 12. c4 Rc8 13. Bf3 Qc7 14. Qe2 Rfd8 15. Rac1 Qb8 16. Rfd1 Nxd4 17. exd4 Bxf3 18. Nxf3 d5 1/2-1/2

[Event "SRB-chT 1st League"]
[Site "Bajina Basta"]
[Date "2020.10.14"]
[Round "7.6"]
[White "Dezelin, Milan"]
[Black "Radovic, Luka"]
[Result "0-1"]
[WhiteElo "1984"]
[BlackElo "2334"]
[PlyCount "58"]
[EventDate "2020.10.10"]
[EventType "team-tourn"]
[EventRounds "11"]
[EventCountry "SRB"]
[SourceTitle "CBM 198 Extra"]
[Source "ChessBase"]
[SourceDate "2020.11.30"]
[SourceVersion "1"]
[SourceVersionDate "2020.11.30"]
[SourceQuality "1"]
[WhiteTeam "Paracin"]
[BlackTeam "Kragujevac Radnicki"]
[WhiteTeamCountry "SRB"]
[BlackTeamCountry "SRB"]

1. d4 d5 2. c4 e6 3. Nc3 Nf6 4. Nf3 Be7 5. Bf4 0-0 6. e3 c5 7. dxc5 Bxc5 8. Qc2 Nc6 9. a3 Re8 10. Rd1 e5 11. Bg5 d4 12. Nd5 Be7 13. Nxe7+ Qxe7 14. e4 Bg4 15. Be2 h6 16. Bxf6 Qxf6 17. 0-0 Rac8 18. b4 Qe7 19. Qa4 b6 20. Rc1 d3 21. Bd1 Red8 22. c5 bxc5 23. Rxc5 Bxf3 24. Rxc6 Bxe4 25. Rxc8 Rxc8 26. Re1 Qb7 27. Bg4 f5 28. Bh5 d2 29. Rd1 Bc2 0-1

[Event "Paracin Amateur op"]
[Site "Paracin"]
[Date "2020.02.03"]
[Round "6"]
[White "Dezelin, Milan"]
[Black "Cvetanovic, Uros"]
[Result "0-1"]
[WhiteElo "2005"]
[BlackElo "2230"]
[PlyCount "38"]
[EventDate "2020.01.31"]
[EventType "swiss"]
[EventRounds "9"]
[EventCountry "SRB"]
[SourceTitle "CBM 194 Extra"]
[Source "ChessBase"]
[SourceDate "2020.03.31"]
[SourceVersion "1"]
[SourceVersionDate "2020.03.31"]
[SourceQuality "1"]

1. Nf3 c5 2. b3 Nc6 3. Bb2 d6 4. c4 e5 5. Nc3 f5 6. d3 Nf6 7. e3 g6 8. Be2 Bh6 9. 0-0 Ne7 10. e4 f4 11. Nd5 Nexd5 12. exd5 g5 13. h3 g4 14. hxg4 Nxg4 15. d4 cxd4 16. Nxd4 Rg8 17. Ne6 Qh4 18. Bxg4 Rxg4 19. c5 Qh3 0-1

[Event "Paracin-Dubai"]
[Site "Paracin"]
[Date "2020.01.05"]
[Round "6.3"]
[White "Dezelin, Milan"]
[Black "Khalifah, Khaled"]
[Result "1-0"]
[WhiteElo "2005"]
[BlackElo "1729"]
[PlyCount "39"]
[EventDate "2020.01.03"]
[EventType "team-schev"]
[EventRounds "8"]
[EventCountry "SRB"]
[SourceTitle "CBM 194 Extra"]
[Source "ChessBase"]
[SourceDate "2020.03.31"]
[SourceVersion "1"]
[SourceVersionDate "2020.03.31"]
[SourceQuality "1"]
[WhiteTeam "Paracin"]
[BlackTeam "World"]
[WhiteTeamCountry "SRB"]

1. d4 d5 2. Nf3 Nf6 3. e3 Bf5 4. c4 e6 5. Nc3 c6 6. Qb3 Qb6 7. c5 Qc7 8. Be2 h6 9. Ne5 Nbd7 10. f4 Nxe5 11. fxe5 Nd7 12. 0-0 Be7 13. Bd2 f6 14. Bh5+ g6 15. Rxf5 exf5 16. Bxg6+ Kd8 17. e6 Nf8 18. Bxf5 b6 19. Nxd5 Qc8 20. cxb6 1-0

[Event "Paracin-Dubai"]
[Site "Paracin"]
[Date "2020.01.03"]
[Round "2.3"]
[White "Khalifah, Khaled"]
[Black "Dezelin, Milan"]
[Result "1/2-1/2"]
[WhiteElo "1729"]
[BlackElo "2005"]
[PlyCount "92"]
[EventDate "2020.01.03"]
[EventType "team-schev"]
[EventRounds "8"]
[EventCountry "SRB"]
[SourceTitle "CBM 194 Extra"]
[Source "ChessBase"]
[SourceDate "2020.03.31"]
[SourceVersion "1"]
[SourceVersionDate "2020.03.31"]
[SourceQuality "1"]
[WhiteTeam "World"]
[BlackTeam "Paracin"]
[BlackTeamCountry "SRB"]

1. d4 Nf6 2. Nf3 e6 3. Bg5 Be7 4. e3 b6 5. c4 Bb7 6. Nc3 h6 7. Bh4 d6 8. Bxf6 Bxf6 9. Bd3 Nd7 10. 0-0 0-0 11. Rc1 g6 12. e4 Bg7 13. d5 e5 14. Nd2 h5 15. f4 exf4 16. Rxf4 Bh6 17. Rf1 Qg5 18. Rf2 Nc5 19. Bb1 Rae8 20. Qc2 f5 21. Rcf1 Bc8 22. b4 Nxe4 23. Ndxe4 fxe4 24. Rxf8+ Rxf8 25. Rxf8+ Kxf8 26. Nxe4 Qe5 27. Qc3 Bg7 28. Qxe5 Bxe5 29. b5 Kg7 30. h3 Bf4 31. Kf2 Bc1 32. Kf3 a6 33. a4 a5 34. Nc3 g5 35. g4 hxg4+ 36. hxg4 Kf6 37. Ne2 Bb2 38. Bc2 Ke5 39. Bb1 Bd7 40. Bc2 Be8 41. Be4 Bd4 42. Ng3 Bb2 43. Ke3 Bc3 44. Bf5 Bf7 45. Be4 Be8 46. Ne2 Bb2 1/2-1/2

[Event "Paracin Winter op"]
[Site "Paracin"]
[Date "2019.02.02"]
[Round "4"]
[White "Simonovic, Ivan"]
[Black "Dezelin, Milan"]
[Result "1/2-1/2"]
[WhiteElo "1829"]
[BlackElo "1980"]
[PlyCount "36"]
[EventDate "2019.01.31"]
[EventType "swiss"]
[EventRounds "9"]
[EventCountry "SRB"]
[SourceTitle "CBM 188 Extra"]
[Source "ChessBase"]
[SourceDate "2019.02.26"]
[SourceVersion "1"]
[SourceVersionDate "2019.02.26"]
[SourceQuality "1"]

1. e4 c5 2. Nc3 Nc6 3. g3 g6 4. Bg2 Bg7 5. d3 d6 6. Be3 Rb8 7. a4 Nd4 8. Nge2 Bg4 9. Bxd4 cxd4 10. Nb1 Qb6 11. b3 h5 12. h3 Bd7 13. 0-0 Qc7 14. Na3 a6 15. Qd2 b5 16. axb5 axb5 17. Qb4 e6 18. Rac1 Qc5 1/2-1/2

[Event "SRB-chT Central"]
[Site "Kragujevac"]
[Date "2018.09.14"]
[Round "1.2"]
[White "Damljanovic, Branko"]
[Black "Dezelin, Milan"]
[Result "1-0"]
[WhiteElo "2470"]
[BlackElo "1985"]
[PlyCount "65"]
[EventDate "2018.09.14"]
[EventType "team-tourn"]
[EventRounds "11"]
[EventCountry "SRB"]
[SourceTitle "CBM 186 Extra"]
[Source "ChessBase"]
[SourceDate "2018.08.24"]
[SourceVersion "1"]
[SourceVersionDate "2018.08.24"]
[SourceQuality "1"]
[WhiteTeam "Vladimirci"]
[BlackTeam "Paracin"]
[WhiteTeamCountry "SRB"]
[BlackTeamCountry "SRB"]

1. Nf3 c5 2. e4 d6 3. d4 cxd4 4. Nxd4 Nf6 5. Nc3 g6 6. h3 Bg7 7. g4 Nc6 8. Be3 0-0 9. Bg2 Bd7 10. 0-0 Ne5 11. Qe2 Rc8 12. Rad1 a6 13. Bc1 Nc6 14. Nf3 Ne8 15. Rfe1 Na5 16. e5 Nc4 17. exd6 Nexd6 18. Qxe7 Qxe7 19. Rxe7 Bc6 20. Nd4 Bxg2 21. Kxg2 Rfd8 22. Nd5 Ne8 23. Nf3 Bxb2 24. Bxb2 Nxb2 25. Rd4 Rc4 26. Rd2 Nd6 27. Ne5 Rcc8 28. Nb6 Rb8 29. c3 f6 30. Ned7 Ndc4 31. Nxc4 Nxc4 32. Nxf6+ Kf8 33. Rde2 1-0

[Event "Paracin-Dubai"]
[Site "Paracin"]
[Date "2018.07.19"]
[Round "7"]
[White "Ali, Abdulaziz"]
[Black "Dezelin, Milan"]
[Result "1-0"]
[WhiteElo "1883"]
[BlackElo "2146"]
[PlyCount "77"]
[EventDate "2018.07.14"]
[EventType "schev"]
[EventRounds "8"]
[EventCountry "SRB"]
[SourceTitle "EXT 2019"]
[Source "ChessBase"]
[SourceDate "2018.10.10"]
[SourceVersion "1"]
[SourceVersionDate "2018.10.10"]
[SourceQuality "1"]
[WhiteTeam "Dubai"]
[BlackTeam "Paracin"]
[WhiteTeamCountry "UAE"]
[BlackTeamCountry "SRB"]

1. e4 e5 2. Nf3 d6 3. d4 Nd7 4. Bc4 c6 5. 0-0 Be7 6. c3 Ngf6 7. Nbd2 0-0 8. Bb3 Qc7 9. Re1 Re8 10. Nf1 h6 11. Ng3 Nf8 12. Nh4 Ne6 13. Nhf5 Bf8 14. Qf3 Ng5 15. Nxh6+ gxh6 16. Bxg5 Bg4 17. Qxf6 Bg7 18. Qxf7+ Qxf7 19. Bxf7+ Kxf7 20. Be3 Be6 21. f4 exf4 22. Bxf4 Bf8 23. Nf5 d5 24. Nd6+ Bxd6 25. Bxd6 dxe4 26. Rxe4 Bd5 27. Re5 Rxe5 28. dxe5 Rg8 29. g3 Ke6 30. Rf1 h5 31. Rf6+ Kd7 32. Rh6 Rg5 33. Rh7+ Ke6 34. Re7+ Kf5 35. Rxb7 h4 36. Kf2 h3 37. Rxa7 Rg4 38. Rh7 Bg2 39. Rf7+ 1-0

[Event "Paracin-Dubai"]
[Site "Paracin"]
[Date "2018.07.14"]
[Round "1"]
[White "Dezelin, Milan"]
[Black "Sultan, Ibrahim"]
[Result "0-1"]
[WhiteElo "2146"]
[BlackElo "2126"]
[PlyCount "88"]
[EventDate "2018.07.14"]
[EventType "schev"]
[EventRounds "8"]
[EventCountry "SRB"]
[SourceTitle "EXT 2019"]
[Source "ChessBase"]
[SourceDate "2018.10.10"]
[SourceVersion "1"]
[SourceVersionDate "2018.10.10"]
[SourceQuality "1"]
[WhiteTeam "Paracin"]
[BlackTeam "Dubai"]
[WhiteTeamCountry "SRB"]
[BlackTeamCountry "UAE"]

1. Nf3 d5 2. d4 Nf6 3. e3 c5 4. dxc5 Nc6 5. c4 e6 6. Nc3 Bxc5 7. Be2 0-0 8. a3 dxc4 9. Qxd8 Rxd8 10. Bxc4 b6 11. 0-0 Bb7 12. b4 Bd6 13. Be2 Rac8 14. Nb5 Bb8 15. Bb2 e5 16. Rfd1 a6 17. Nc3 e4 18. Nd4 Nxd4 19. exd4 Nd5 20. Nxd5 Bxd5 21. Bxa6 Rc2 22. Bc1 Bd6 23. Bg5 Ra8 24. Bb5 Rc3 25. Rdc1 Rxc1+ 26. Bxc1 Bxb4 27. Bb2 Bd6 28. a4 Kf8 29. Rc1 Ke7 30. g3 Ke6 31. Kf1 f5 32. Rc3 g5 33. Bc1 h6 34. Ke2 Rf8 35. h4 f4 36. hxg5 hxg5 37. gxf4 gxf4 38. Rh3 Rf6 39. Rh7 Rg6 40. Bd2 Bb3 41. Bc3 Rg8 42. Bd2 Rg1 43. Rh6+ Ke7 44. Rxd6 Bd1# 0-1

[Event "Paracin Summer op-A 11th"]
[Site "Paracin"]
[Date "2018.07.09"]
[Round "4"]
[White "Dezelin, Milan"]
[Black "Lopuszanski, Kamil"]
[Result "1/2-1/2"]
[WhiteElo "2146"]
[BlackElo "1984"]
[PlyCount "39"]
[EventDate "2018.07.06"]
[EventType "swiss"]
[EventRounds "9"]
[EventCountry "SRB"]
[SourceTitle "CBM 185 Extra"]
[Source "ChessBase"]
[SourceDate "2018.07.29"]
[SourceVersion "1"]
[SourceVersionDate "2018.07.29"]
[SourceQuality "1"]

1. Nf3 Nf6 2. b3 g6 3. Bb2 Bg7 4. g3 0-0 5. Bg2 d6 6. 0-0 e5 7. c4 Nbd7 8. Nc3 Re8 9. d3 c6 10. e4 Nc5 11. b4 Ne6 12. a4 a5 13. bxa5 Qxa5 14. Qc2 Nd7 15. Nb5 Bf8 16. d4 exd4 17. Nfxd4 Nxd4 18. Bxd4 Qd8 19. Nc3 Ne5 20. Nd1 1/2-1/2

[Event "Paracin Summer op-A 11th"]
[Site "Paracin"]
[Date "2018.07.07"]
[Round "2"]
[White "Dezelin, Milan"]
[Black "Alivodic, Dario"]
[Result "1/2-1/2"]
[WhiteElo "2146"]
[BlackElo "1930"]
[PlyCount "118"]
[EventDate "2018.07.06"]
[EventType "swiss"]
[EventRounds "9"]
[EventCountry "SRB"]
[SourceTitle "CBM 185 Extra"]
[Source "ChessBase"]
[SourceDate "2018.07.29"]
[SourceVersion "1"]
[SourceVersionDate "2018.07.29"]
[SourceQuality "1"]

1. Nf3 Nf6 2. d4 e6 3. Bg5 d5 4. Nbd2 Be7 5. e3 0-0 6. Bd3 b6 7. 0-0 c5 8. c3 Ba6 9. Bxa6 Nxa6 10. Ne5 Nb8 11. f4 h6 12. Bxf6 Bxf6 13. Qh5 Nd7 14. Rf3 cxd4 15. exd4 Bxe5 16. fxe5 Qg5 17. Qxg5 hxg5 18. Rg3 f6 19. exf6 gxf6 20. h4 Kf7 21. hxg5 f5 22. Re1 Rae8 23. Rge3 Re7 24. Nf3 Rfe8 25. Kh2 Kg6 26. Kg3 Nf8 27. Kf4 Kg7 28. Ne5 b5 29. a3 Rc8 30. g4 fxg4 31. Kxg4 a5 32. Nd3 Rc6 33. Nf4 Rd6 34. Nh5+ Kg6 35. Rf1 Nh7 36. Nf4+ Kg7 37. Rfe1 Nf8 38. Kh5 b4 39. cxb4 axb4 40. axb4 Rb7 41. Nxe6+ Rxe6 42. Rxe6 Nxe6 43. Rxe6 Rxb4 44. Re7+ Kf8 45. Re2 Rxd4 46. Kg6 Re4 47. Rf2+ Kg8 48. Rd2 Rb4 49. Rxd5 Rb6+ 50. Kh5 Rxb2 51. Rd8+ Kg7 52. Rd7+ Kg8 53. Kh6 Rb6+ 54. g6 Rb8 55. Rg7+ Kh8 56. Rh7+ Kg8 57. Rg7+ Kh8 58. Re7 Kg8 59. Kg5 Rb1 1/2-1/2

[Event "Paracin Summer op-A 11th"]
[Site "Paracin"]
[Date "2018.07.06"]
[Round "1"]
[White "Abramovic, Bosko"]
[Black "Dezelin, Milan"]
[Result "1-0"]
[WhiteElo "2409"]
[BlackElo "2146"]
[PlyCount "61"]
[EventDate "2018.07.06"]
[EventType "swiss"]
[EventRounds "9"]
[EventCountry "SRB"]
[SourceTitle "CBM 185 Extra"]
[Source "ChessBase"]
[SourceDate "2018.07.29"]
[SourceVersion "1"]
[SourceVersionDate "2018.07.29"]
[SourceQuality "1"]

1. d4 Nf6 2. g3 g6 3. Bg2 Bg7 4. e4 d6 5. Nc3 0-0 6. Nge2 c6 7. a4 a5 8. 0-0 e5 9. h3 Nbd7 10. Be3 Re8 11. g4 h5 12. f3 hxg4 13. hxg4 exd4 14. Bxd4 Ne5 15. g5 Nh5 16. f4 Ng4 17. Rf3 Bf8 18. Bh3 f5 19. gxf6 Ngxf6 20. Qd3 Ng4 21. Kg2 d5 22. exd5 Bf5 23. Qd2 cxd5 24. Rh1 Bh6 25. Ng3 Bxf4 26. Rxf4 Qg5 27. Nxh5 Ne3+ 28. Kf2 Bxh3 29. Nf6+ Kf7 30. Nfxd5+ Kg8 31. Rg1 1-0

[Event "Paracin Winter op"]
[Site "Paracin"]
[Date "2018.02.03"]
[Round "7"]
[White "Peycheva, Gergana"]
[Black "Dezelin, Milan"]
[Result "1/2-1/2"]
[WhiteElo "2107"]
[BlackElo "2177"]
[PlyCount "38"]
[EventDate "2018.01.30"]
[EventType "swiss"]
[EventRounds "9"]
[EventCountry "SRB"]
[SourceTitle "CBM 182 Extra"]
[Source "ChessBase"]
[SourceDate "2018.02.23"]
[SourceVersion "1"]
[SourceVersionDate "2018.02.23"]
[SourceQuality "1"]

1. d4 Nf6 2. c4 e6 3. Nc3 Bb4 4. e3 c5 5. Nge2 cxd4 6. exd4 d5 7. a3 Bxc3+ 8. Nxc3 Nc6 9. cxd5 Nxd5 10. Bb5 0-0 11. 0-0 Qb6 12. Bxc6 Nxc3 13. Qc2 Qxc6 14. Qxc3 Qxc3 15. bxc3 b6 16. Bf4 Ba6 17. Rfc1 Bc4 18. a4 a6 19. a5 b5 1/2-1/2

[Event "Paracin Winter op"]
[Site "Paracin"]
[Date "2018.02.02"]
[Round "5"]
[White "Garic, Radomir"]
[Black "Dezelin, Milan"]
[Result "1-0"]
[WhiteElo "2273"]
[BlackElo "2177"]
[PlyCount "95"]
[EventDate "2018.01.30"]
[EventType "swiss"]
[EventRounds "9"]
[EventCountry "SRB"]
[SourceTitle "CBM 182 Extra"]
[Source "ChessBase"]
[SourceDate "2018.02.23"]
[SourceVersion "1"]
[SourceVersionDate "2018.02.23"]
[SourceQuality "1"]

1. e4 c5 2. Nf3 Nc6 3. Bb5 g6 4. Bxc6 bxc6 5. 0-0 Bg7 6. c3 e5 7. d4 cxd4 8. cxd4 exd4 9. Nxd4 Qb6 10. Nb3 Qc7 11. Nc3 Nh6 12. Be3 f6 13. Rc1 Nf7 14. Qd2 0-0 15. Rfd1 Qd8 16. Bc5 Re8 17. f3 Bh6 18. Be3 Qb6 19. Re1 Bxe3+ 20. Rxe3 d6 21. Kh1 Rb8 22. Nd1 Bd7 23. h3 Kg7 24. Nd4 c5 25. Ne2 Qa6 26. Ra3 Qb6 27. Nf4 Bc6 28. Rc2 Rb7 29. Ne3 Qc7 30. Rd3 Qb8 31. Nfd5 Ne5 32. Ra3 Nf7 33. Rd3 h6 34. Nf4 Bb5 35. Rd5 Re5 36. Rxe5 fxe5 37. Nfd5 Bd7 38. Nc4 Qd8 39. Nde3 Be6 40. Rc3 Qh4 41. Rd3 Rd7 42. Kg1 Bxh3 43. Nxd6 Be6 44. Ne8+ Kf8 45. Rxd7 Bxd7 46. Qxd7 Qe1+ 47. Nf1 Qb4 48. Nc7 1-0

[Event "Paracin Winter op"]
[Site "Paracin"]
[Date "2018.01.30"]
[Round "1"]
[White "Jovanovic, Ivan M"]
[Black "Dezelin, Milan"]
[Result "1/2-1/2"]
[WhiteElo "1720"]
[BlackElo "2177"]
[PlyCount "83"]
[EventDate "2018.01.30"]
[EventType "swiss"]
[EventRounds "9"]
[EventCountry "SRB"]
[SourceTitle "CBM 182 Extra"]
[Source "ChessBase"]
[SourceDate "2018.02.23"]
[SourceVersion "1"]
[SourceVersionDate "2018.02.23"]
[SourceQuality "1"]

1. d4 Nf6 2. c4 e6 3. Nc3 Bb4 4. Qc2 0-0 5. Nf3 c5 6. e3 b6 7. Be2 Bb7 8. 0-0 Bxc3 9. Qxc3 Ne4 10. Qc2 f5 11. b3 d6 12. Bb2 Nd7 13. Rfd1 Qe7 14. Rac1 Ndf6 15. dxc5 bxc5 16. a3 a5 17. Nd2 Rfb8 18. f3 Ng5 19. Qc3 Bc6 20. Bd3 Qb7 21. Bc2 a4 22. Rb1 axb3 23. Qxb3 Qe7 24. Qc3 Nf7 25. e4 f4 26. Ba1 Qa7 27. Rxb8+ Rxb8 28. Bb2 Ne5 29. Ba1 Ba4 30. Nb1 Nc6 31. Qd2 Bxc2 32. Qxc2 Nd4 33. Qa2 Qa4 34. Nc3 Qc2 35. Qxc2 Nxc2 36. Nb5 Ne3 37. Rc1 Nxc4 38. a4 d5 39. Nc7 d4 40. Nxe6 Rb6 41. Nxc5 Ne3 42. e5 1/2-1/2

[Event "SRB-chT"]
[Site "Ruma"]
[Date "2017.09.05"]
[Round "5.3"]
[White "Kovacevic, Aleksandar"]
[Black "Dezelin, Milan"]
[Result "1-0"]
[WhiteElo "2490"]
[BlackElo "2192"]
[PlyCount "49"]
[EventDate "2017.09.01"]
[EventType "team-tourn"]
[EventRounds "11"]
[EventCountry "SRB"]
[SourceTitle "CBM 180 Extra"]
[Source "ChessBase"]
[SourceDate "2017.10.06"]
[SourceVersion "1"]
[SourceVersionDate "2017.10.06"]
[SourceQuality "1"]
[WhiteTeam "Novi Sad CC"]
[BlackTeam "Paracin OSK"]
[WhiteTeamCountry "SRB"]
[BlackTeamCountry "SRB"]

1. e4 c5 2. Nf3 a6 3. c4 Nc6 4. d4 cxd4 5. Nxd4 Nf6 6. Nc3 d6 7. Be2 g6 8. Be3 Bg7 9. 0-0 0-0 10. Qd2 Nxd4 11. Bxd4 Qa5 12. Qe3 Nd7 13. Nd5 Qd8 14. Rad1 f6 15. f4 Rf7 16. f5 Ne5 17. Bxe5 fxe5 18. fxg6 hxg6 19. Rxf7 Kxf7 20. Rf1+ Bf6 21. g4 g5 22. Qxg5 Qh8 23. Nc7 Qh3 24. Rf3 Rb8 25. Qxf6+ 1-0

[Event "Paracin-ch"]
[Site "Paracin"]
[Date "2017.02.02"]
[Round "3"]
[White "Dezelin, Milan"]
[Black "Nikolic, Zoran M1111"]
[Result "1/2-1/2"]
[WhiteElo "2211"]
[BlackElo "2122"]
[PlyCount "65"]
[EventDate "2017.01.31"]
[EventType "swiss"]
[EventRounds "9"]
[EventCountry "SRB"]
[SourceTitle "CBM 176 Extra"]
[Source "ChessBase"]
[SourceDate "2017.03.02"]
[SourceVersion "1"]
[SourceVersionDate "2017.03.02"]
[SourceQuality "1"]

1. d4 e6 2. c4 Nf6 3. Nc3 Bb4 4. e3 0-0 5. Nge2 d6 6. a3 Bxc3+ 7. Nxc3 Qe7 8. e4 Nbd7 9. Bg5 h6 10. Bh4 c6 11. Be2 Rd8 12. 0-0 e5 13. d5 Nf8 14. f3 Ng6 15. Bf2 c5 16. Re1 Nf4 17. Bf1 g5 18. Qd2 Kh7 19. Be3 Rg8 20. Kh1 N6h5 21. g3 Ng6 22. b4 b6 23. Rab1 Ng7 24. bxc5 bxc5 25. Rb2 Qf6 26. Be2 Ne7 27. Reb1 Ba6 28. Nd1 Nc8 29. Qa5 Bxc4 30. Bxc4 Qxf3+ 31. Kg1 Qxe4 32. Qc3 Qg6 33. Qc2 1/2-1/2

[Event "EU-Cup 32nd"]
[Site "Novi Sad"]
[Date "2016.11.11"]
[Round "6.6"]
[White "Kenneskog, Theodor"]
[Black "Dezelin, Milan"]
[Result "1-0"]
[WhiteElo "2332"]
[BlackElo "2220"]
[PlyCount "54"]
[EventDate "2016.11.06"]
[EventType "team-swiss"]
[EventRounds "7"]
[EventCountry "SRB"]
[SourceTitle "CBM 176"]
[Source "ChessBase"]
[SourceDate "2017.01.17"]
[SourceVersion "1"]
[SourceVersionDate "2017.01.17"]
[SourceQuality "1"]
[WhiteTeam "Umea Rockaden"]
[BlackTeam "Paracin"]
[WhiteTeamCountry "SWE"]
[BlackTeamCountry "SRB"]

1. e4 c5 2. Nf3 a6 3. c4 Nc6 4. d4 cxd4 5. Nxd4 Nf6 6. Nc3 e6 7. Be2 Qc7 8. Be3 Bb4 9. 0-0 Bxc3 10. bxc3 Nxe4 11. Bf3 d5 12. cxd5 exd5 13. c4 0-0 14. cxd5 Nxd4 15. Qxd4 Nd6 16. Rac1 Qd8 17. Bf4 Nb5 18. Qb4 Qf6 19. Rfe1 Nd4 20. Be4 Qxf4 21. Qxd4 Qd6 22. Re3 Bd7 23. Rg3 g6 24. h4 Qf4 25. Rd1 Qxh4 26. Bxg6 Qxd4 27. Bxh7+ Kxh7 1-0